O přesahu v herectví : teologická hermeneutika divadelní antropologie podle exercicií Ignáce z Loyoly /

Uložené v:
Podrobná bibliografia
Hlavný autor: Rieger, Lukáš, 1978-
Médium: Kniha
Jazyk:Czech
Vydané: Brno : Janáčkova akademie múzických umění v Brně, 2006.
Vydanie:Vyd. 1.
Edícia:Výběrová řada doktorských prací
Témy:
ISBN: 8086928152 (brož.)
Fyzický popis: 206 s. ; 30 cm.
Tagy: Pridať tag
Žiadne tagy, Buďte prvý kto otaguje tento záznam!

MARC

LEADER 00000nam a2200000 a 4500
001 000439713
005 20140320102938.0
008 061129s2006 xr e 000 0 cze d
020 |a 8086928152 (brož.) 
040 |a SVKKK  |b slo  |c SVKKK  |e AACR2 
041 0 |a cze  |b eng  |b rus 
044 |a xr  |c CZ 
072 7 |a 792  |x Divadlo. Divadelné predstavenia  |2 konspekt 
080 |a 792.028  |2 2001 
080 |a 272-584.7  |2 2001 
080 |a 2-277.2  |2 2001 
080 |a 792:2-1  |2 2001 
080 |a (043.3)  |2 2001 
100 1 |a Rieger, Lukáš,  |d 1978- 
245 1 0 |a O přesahu v herectví :  |b teologická hermeneutika divadelní antropologie podle exercicií Ignáce z Loyoly /  |c Lukáš Rieger. 
250 |a Vyd. 1. 
260 |a Brno :  |b Janáčkova akademie múzických umění v Brně,  |c 2006. 
300 |a 206 s. ;  |c 30 cm. 
490 1 |a Výběrová řada doktorských prací 
504 |a Bibl. odkazy; bibliografia: s. 195-200 
546 |a Resumé angl., rus. 
600 1 7 |a Stanislavskij, Konstantin Sergejevič,  |d 1863-1938  |2 SVKKKMA 
600 0 7 |a Ignác z Loyoly,  |c svätý,  |d 1491-1556  |2 SVKKKMA 
650 0 7 |a herectvo  |2 SVKKKPH 
650 0 7 |a ignaciánské exercície  |2 SVKKKPH 
650 0 7 |a hermeneutika  |2 SVKKKPH 
650 0 7 |a divadlo a náboženstvo  |2 SVKKKPH 
650 0 7 |a divadelná antropológia  |2 SVKKKPH 
655 7 |a disertácie  |2 SVKKKPH 
810 2 |a Janáčkova akademie múzických umění (Brno, Česko)  |t Výběrová řada doktorských prací 
910 |a svkkk 
919 |a 80-86928-15-2 
998 |a BK 
090 |g SCKHL  |k Sklad Hlavná 10 prízemie  |a V.230915  |j 1050061  |i 2720293432  |s Absenčne